Reflections on the right to development (Record no. 160044)

MARC details
000 -LEADER
fixed length control field 00448nam a22001577a 4500
005 - DATE AND TIME OF LATEST TRANSACTION
control field 20190114115759.0
010 ## - LCCN (DPL NO)
LC control number B-167046
020 ## - INTERNATIONAL STANDARD BOOK NUMBER
International Standard Book Number 0761933700
Terms of availability 650.00
035 ## - SYSTEM CONTROL NUMBER
System control number B-167046
037 ## - SOURCE OF ACQUISITION
Source of stock number/acquisition Sage Publications
082 ## - DEWEY DECIMAL CLASSIFICATION NUMBER
Classification number 338.9
245 ## - TITLE STATEMENT
Title Reflections on the right to development
Statement of responsibility, etc Arjun Sengupta et.al.
260 ## - PUBLICATION, DISTRIBUTION, ETC. (IMPRINT)
Place of publication, distribution, etc New Delhi
Name of publisher, distributor, etc Sage Publications
Date of publication, distribution, etc 2005
300 ## - PHYSICAL DESCRIPTION
Extent 366p.
Dimensions 24cm(pbk)
942 ## - ADDED ENTRY ELEMENTS (KOHA)
Source of classification or shelving scheme Dewey Decimal Classification
Item type English Books
Classification part 338.9
Call number suffix REF
Holdings
Withdrawn status Lost status Not for loan Collection code Home library Current library Date acquired Full call number Barcode Koha item type
      Non-fiction Sarojini Nagar Sarojini Nagar 14/01/2019 338.9 REF B-167046 English Books

© Delhi Public Library
Hit Counter
free hit counter